The last days of united Pakistan / (Record no. 27558)
[ view plain ]
| 000 -LEADER | |
|---|---|
| fixed length control field | 00848nam a2200265 i 4500 |
| 001 - CONTROL NUMBER | |
| control field | 27558 |
| 003 - CONTROL NUMBER IDENTIFIER | |
| rucl marc code | BD-RjUL |
| 005 - DATE AND TIME OF LATEST TRANSACTION | |
| control field | 20211209051154.0 |
| 008 - FIXED-LENGTH DATA ELEMENTS--GENERAL INFORMATION | |
| fixed length control field | 140325s1974 enkfh b 001 0 eng |
| 020 ## - INTERNATIONAL STANDARD BOOK NUMBER | |
| International Standard Book Number | 090398315X : |
| 035 ## - SYSTEM CONTROL NUMBER | |
| System control number | (BD-RjUL)27632 |
| 040 ## - CATALOGING SOURCE | |
| Original cataloging agency | DLC |
| Transcribing agency | DLC |
| Modifying agency | DLC |
| -- | BD-RjUL |
| Language of cataloging | eng |
| 041 ## - LANGUAGE CODE | |
| Language code of text/sound track or separate title | eng |
| 082 00 - DEWEY DECIMAL CLASSIFICATION NUMBER | |
| Classification number | 954.904 |
| Author mark and year | CHL 1974 |
| 100 1# - MAIN ENTRY--PERSONAL NAME | |
| Personal name | Choudhury, G. W. |
| Fuller form of name | (Golam Wahed), |
| Dates associated with a name | 1926- |
| 9 (RLIN) | 6531 |
| 245 14 - TITLE STATEMENT | |
| Title | The last days of united Pakistan / |
| Statement of responsibility, etc. | G. W. Choudhury. |
| 260 ## - PUBLICATION, DISTRIBUTION, ETC. (IMPRINT) | |
| Place of publication, distribution, etc. | London : |
| Name of publisher, distributor, etc. | C. Hurst, |
| Date of publication, distribution, etc. | c1974. |
| 300 ## - PHYSICAL DESCRIPTION | |
| Pagination | xiv, 239 p., [2] p. of plates : |
| Illustrations | ill., 2 facsims. ; |
| Size | 23 cm. |
| 504 ## - BIBLIOGRAPHY, ETC. NOTE | |
| Bibliography, etc | Includes bibliographical references and index. |
| 651 #0 - SUBJECT ADDED ENTRY--GEOGRAPHIC NAME | |
| Geographic name | Pakistan |
| General subdivision | Politics and government. |
| 9 (RLIN) | 84645 |
| Geographic name | Bangladesh |
| General subdivision | Politics and government. |
| 9 (RLIN) | 84646 |
| 942 ## - ADDED ENTRY ELEMENTS (KOHA) | |
| Source of classification or shelving scheme | Dewey Decimal Classification |
| Koha item type | Books |
| Lost status | Source of classification or shelving scheme | Damaged status | Not for loan | Collection code | Permanent Location | Current Location | Shelving location | Date acquired | Source of acquisition | Cost, normal purchase price | Total Checkouts | Full call number | Date last seen | Copy number | Koha item type |
|---|---|---|---|---|---|---|---|---|---|---|---|---|---|---|---|
| Dewey Decimal Classification | Added to bundle | Non-fiction | Central Library, University of Rajshahi | Central Library, University of Rajshahi | Reading Room | 08/10/1979 | Uni. Press Ltd. | 200.00 | 954.904 CHL 1974 | 25/03/2014 | C-1 | Books | |||
| Dewey Decimal Classification | Non-fiction | Central Library, University of Rajshahi | Central Library, University of Rajshahi | 08/04/1982 | Heffers | 4.75 | 954.904 CHL 1974 | 25/03/2014 | C-2 | Books |